Aneka Puding Dan Agar-Agar
| Format: | Book |
|---|---|
| Published: |
Shah Alam, Selangor :
Alaf 21 Sendirian Berhad ,
2001
|
| Subjects: |
MARC
| LEADER | 00000cam a2200000 7i4500 | ||
|---|---|---|---|
| 001 | 0000048340 | ||
| 005 | 20041207.0 | ||
| 008 | 041207s2001 | ||
| 020 | |a 9831240561 | ||
| 090 | 0 | 0 | |a 641.864 ANE |
| 245 | 0 | 0 | |a Aneka Puding Dan Agar-Agar |c Selenggaraan Sa'adiah Mohamad |
| 260 | |a Shah Alam, Selangor : |b Alaf 21 Sendirian Berhad , |c 2001 | ||
| 300 | |a 48p. : |b col.ill ; |c 25cm. | ||
| 650 | 0 | 0 | |a Puddings |
| 999 | |a 236185 |b Buku |c Rak Terbuka |e Perbadanan Perpustakaan Awam Melaka | ||
| 999 | |a 236186 |b Buku |c Rak Terbuka |e Perbadanan Perpustakaan Awam Melaka | ||